[Event "Hessen-ch op-A"]
[Site "Floersheim"]
[Date "2016.05.08"]
[Round "7"]
[White "Reinecke, Katharina"]
[Black "Kuban, Guenter"]
[Result "0-1"]
[WhiteElo "1842"]
[BlackElo "2187"]
[PlyCount "120"]
[EventDate "2016.05.05"]
[EventType "swiss"]
[EventRounds "7"]
[EventCountry "GER"]
[SourceTitle "EXT 2022"]
[Source "ChessBase"]
[SourceDate "2021.10.06"]
[SourceVersion "1"]
[SourceVersionDate "2021.10.06"]
[SourceQuality "1"]

1. d4 d5 2. c4 e6 3. Nf3 c6 4. b3 Nd7 5. Bb2 f5 6. g3 Ngf6 7. Bg2 Bb4+ 8. Nbd2 Ne4 9. 0-0 0-0 10. Qc1 Ndf6 11. Ba3 Qa5 12. Bxb4 Qxb4 13. e3 Bd7 14. a3 Qe7 15. Nxe4 fxe4 16. Ne5 Be8 17. f3 exf3 18. Bxf3 Nd7 19. Nxd7 Bxd7 20. Ra2 Rf6 21. Raf2 Raf8 22. Bg2 Rxf2 23. Rxf2 Rxf2 24. Kxf2 Be8 25. b4 Bg6 26. Kg1 h6 27. c5 Qg5 28. Qe1 Qf5 29. Qc1 Qd3 30. Bf1 Qb3 31. Bh3 Kh7 32. Bxe6 Be4 33. Bh3 Qa2 34. Bf1 a6 35. Qe1 Qxa3 36. Bg2 g5 37. Bh3 Kg6 38. Bf1 Qb2 39. Bh3 Qc2 40. Bf1 g4 41. Qe2 Kf5 42. Qxc2 Bxc2 43. h3 Ke4 44. Kf2 gxh3 45. Bxh3 Kd3 46. Bc8 Ba4 47. Bxb7 Bb5 48. Bc8 Kc3 49. Bf5 Kxb4 50. e4 dxe4 51. Bxe4 a5 52. d5 Kxc5 53. dxc6 Bxc6 54. Bb1 Kd4 55. Ke2 a4 56. Kd2 Be4 57. Ba2 Bd5 58. Bb1 a3 59. Kc1 Kc3 60. g4 Bb3 0-1

[Event "Hessen-ch op-A"]
[Site "Floersheim"]
[Date "2016.05.06"]
[Round "4"]
[White "Kuban, Guenter"]
[Black "Krastev, Alexander"]
[Result "0-1"]
[WhiteElo "2187"]
[BlackElo "1931"]
[PlyCount "120"]
[EventDate "2016.05.05"]
[EventType "swiss"]
[EventRounds "7"]
[EventCountry "GER"]
[SourceTitle "EXT 2022"]
[Source "ChessBase"]
[SourceDate "2021.10.06"]
[SourceVersion "1"]
[SourceVersionDate "2021.10.06"]
[SourceQuality "1"]

1. d4 Nf6 2. g3 c5 3. e3 d5 4. Bg2 Bf5 5. Nf3 Nc6 6. c3 e6 7. 0-0 Be7 8. Nh4 Bg4 9. Bf3 Bxf3 10. Nxf3 Ne4 11. Nfd2 f5 12. Nxe4 fxe4 13. Qg4 Qd7 14. f3 exf3 15. Rxf3 0-0-0 16. Rf7 g5 17. b4 h5 18. Qe2 Qe8 19. b5 Nxd4 20. exd4 Qxf7 21. Be3 c4 22. Nd2 g4 23. Bf4 Bd6 24. Bxd6 Rxd6 25. Qe5 Qf8 26. Rf1 Qd8 27. Rf7 Rf8 28. Qxh5 Rxf7 29. Qxf7 Qg5 30. Nf1 Qf5 31. Qxf5 exf5 32. Ne3 Kd7 33. a4 Ke6 34. a5 Kf6 35. Kf2 Kg5 36. Ng2 Rh6 37. Kg1 Re6 38. Kf2 Rh6 39. Kg1 Rd6 40. Kf2 a6 41. b6 Rd7 42. Nf4 Kf6 43. Kg2 Ke7 44. h4 Kd6 45. Kf2 Kc6 46. h5 Kb5 47. h6 Kxa5 48. h7 Rxh7 49. Nxd5 Kb5 50. Ke2 a5 51. Kd2 Rh3 52. Ne3 Rxg3 53. Nxf5 Rg2+ 54. Kc1 g3 55. Nd6+ Kxb6 56. Nxc4+ Kb5 57. Ne3 Re2 58. c4+ Kc6 59. d5+ Kc5 60. d6 Rxe3 0-1

[Event "GER Seniors Derby 13th"]
[Site "Wesel Undeloh"]
[Date "2014.05.09"]
[Round "5"]
[White "Kobs, Gerald"]
[Black "Kuban, Guenter"]
[Result "0-1"]
[WhiteElo "1931"]
[BlackElo "1963"]
[PlyCount "90"]
[EventDate "2014.05.07"]
[EventType "swiss"]
[EventRounds "9"]
[EventCountry "GER"]
[SourceTitle "EXT 2018"]
[Source "ChessBase"]
[SourceDate "2017.10.13"]
[SourceVersion "1"]
[SourceVersionDate "2017.10.13"]
[SourceQuality "1"]

1. e4 c5 2. Nf3 Nc6 3. d4 cxd4 4. Nxd4 Nf6 5. f3 e6 6. c4 Nxe4 7. Nxc6 Qh4+ 8. g3 Nxg3 9. hxg3 Qxh1 10. Ne5 Qg1 11. Nd3 Qxg3+ 12. Ke2 Qh2+ 13. Ke1 Be7 14. Qe2 Qh4+ 15. Nf2 0-0 16. Nc3 d5 17. b3 d4 18. Na4 Bd7 19. Nb2 e5 20. Nbd3 Rfe8 21. Qe4 Bc6 22. Qxh4 Bxh4 23. Ke2 f5 24. Nb4 d3+ 25. Nbxd3 e4 26. fxe4 fxe4 27. Nb4 Rf8 28. Be3 Be8 29. Nxe4 Rd8 30. Nd5 Rxd5 31. cxd5 Bb5+ 32. Kd2 Bxf1 33. Bxa7 Bg2 34. Nc3 Bxd5 35. Nxd5 Rd8 36. Ke2 Rxd5 37. Rc1 h5 38. Rc5 Rxc5 39. Bxc5 Kf7 40. a4 Ke6 41. Kd3 Kd5 42. Bf8 Bf6 43. b4 h4 44. Ke3 h3 45. Kf3 g5 0-1

[Event "GER Seniors Derby 13th"]
[Site "Wesel Undeloh"]
[Date "2014.05.08"]
[Round "3"]
[White "Neulinger Jagode, Rupert"]
[Black "Kuban, Guenter"]
[Result "0-1"]
[WhiteElo "1808"]
[BlackElo "1963"]
[PlyCount "60"]
[EventDate "2014.05.07"]
[EventType "swiss"]
[EventRounds "9"]
[EventCountry "GER"]
[SourceTitle "EXT 2018"]
[Source "ChessBase"]
[SourceDate "2017.10.13"]
[SourceVersion "1"]
[SourceVersionDate "2017.10.13"]
[SourceQuality "1"]

1. e4 d6 2. f4 e5 3. Nf3 Nf6 4. Nc3 Nbd7 5. Bc4 Nb6 6. Bb3 Bg4 7. fxe5 Bxf3 8. Qxf3 dxe5 9. 0-0 Bc5+ 10. Kh1 Qd7 11. Qg3 Ng4 12. h3 h5 13. Bxf7+ Qxf7 14. Rxf7 Kxf7 15. d4 Bxd4 16. Qf3+ Kg8 17. g3 Rf8 18. Bf4 g5 19. Nd5 Nxd5 20. Qb3 gxf4 21. Qxd5+ Kg7 22. Qe6 Rh6 23. Qe7+ Rf7 24. Qd8 Nf2+ 25. Kg2 Rg6 26. c3 Rxg3+ 27. Kf1 Bb6 28. Ke2 Nxe4 29. Rd1 Re3+ 30. Kf1 Ng3+ 0-1

[Event "GER Seniors Derby 13th"]
[Site "Wesel Undeloh"]
[Date "2014.05.07"]
[Round "1"]
[White "Doerr, Walter"]
[Black "Kuban, Guenter"]
[Result "0-1"]
[WhiteElo "1637"]
[BlackElo "1963"]
[PlyCount "58"]
[EventDate "2014.05.07"]
[EventType "swiss"]
[EventRounds "9"]
[EventCountry "GER"]
[SourceTitle "EXT 2018"]
[Source "ChessBase"]
[SourceDate "2017.10.13"]
[SourceVersion "1"]
[SourceVersionDate "2017.10.13"]
[SourceQuality "1"]

1. e4 d6 2. d4 Nf6 3. Nc3 g6 4. f4 Bg7 5. Nf3 0-0 6. Be3 Ng4 7. Qd2 Nd7 8. h3 Nxe3 9. Qxe3 c5 10. 0-0-0 cxd4 11. Nxd4 a6 12. f5 Ne5 13. g4 b5 14. Nf3 Nxf3 15. Qxf3 Bb7 16. Nd5 e6 17. Nc3 Rc8 18. Nb1 Qf6 19. Nc3 b4 20. Na4 exf5 21. gxf5 gxf5 22. Bd3 fxe4 23. Qxf6 Bxf6 24. Rhg1+ Kh8 25. Bxa6 Bxa6 26. Rxd6 Bb5 27. Nb6 Rc6 28. Rxc6 Bxc6 29. a4 Bd4 0-1

[Event "Frankfurt-chA"]
[Site "Frankfurt"]
[Date "2013.06.10"]
[Round "6"]
[White "Kuban, Guenter"]
[Black "Hilbenz, Guntram"]
[Result "1-0"]
[WhiteElo "2188"]
[BlackElo "1888"]
[PlyCount "59"]
[EventDate "2013.04.29"]
[EventType "swiss"]
[EventRounds "7"]
[EventCountry "GER"]
[SourceTitle "EXT 2014"]
[Source "ChessBase"]
[SourceDate "2013.11.20"]
[SourceVersion "1"]
[SourceVersionDate "2013.11.20"]
[SourceQuality "1"]

1. c4 d6 2. d4 e5 3. Nf3 Nd7 4. Nc3 Ngf6 5. e3 Be7 6. Bd3 0-0 7. 0-0 c6 8. b3 Re8 9. Bb2 Qc7 10. Rc1 Bf8 11. Bb1 Qb8 12. Ng5 h6 13. f4 exd4 14. exd4 Be7 15. d5 Nf8 16. Nge4 N8h7 17. Qd3 g6 18. h3 Nxe4 19. Nxe4 Bf5 20. Qc3 f6 21. g4 Bxe4 22. Bxe4 Kf7 23. g5 Rg8 24. Qe3 c5 25. h4 h5 26. Rce1 Nf8 27. Bf5 Qd8 28. Be6+ Nxe6 29. Qxe6+ Kf8 30. gxf6 1-0

[Event "Frankfurt-ch"]
[Site "Frankfurt"]
[Date "2011.06.14"]
[Round "7"]
[White "Uwira, Oliver"]
[Black "Kuban, Guenter"]
[Result "1-0"]
[WhiteElo "2244"]
[BlackElo "2205"]
[PlyCount "107"]
[EventDate "2011.05.02"]
[EventType "swiss"]
[EventRounds "7"]
[EventCountry "GER"]
[SourceTitle "EXT 2012"]
[Source "ChessBase"]
[SourceDate "2011.11.24"]
[SourceVersion "1"]
[SourceVersionDate "2011.11.24"]
[SourceQuality "1"]

1. d4 d5 2. c4 c6 3. Nf3 e6 4. e3 f5 5. Bd3 Nf6 6. 0-0 Bd6 7. b3 Qe7 8. Bb2 Nbd7 9. cxd5 cxd5 10. Qc1 g5 11. Ba3 g4 12. Nfd2 Ne4 13. Bxd6 Nxd6 14. Nc3 a6 15. Qa3 Rb8 16. Rac1 b5 17. Qb4 Ra8 18. Ne2 a5 19. Qa3 b4 20. Qa4 Ra7 21. Rc5 Qd8 22. Qc6 Ke7 23. Rcc1 Bb7 24. Qc2 Qb8 25. Nf4 Rc8 26. Qb1 Bc6 27. f3 gxf3 28. Nxf3 Rac7 29. Nxe6 Kxe6 30. Bxf5+ Ke7 31. Bxd7 Bxd7 32. Qxh7+ Kd8 33. Qh4+ Ke8 34. Qh8+ Ke7 35. Qg7+ Kd8 36. Qf6+ Ke8 37. Ne5 Bf5 38. Rxc7 Qxc7 39. g4 Qc3 40. Qh8+ Ke7 41. Qg7+ Ke8 42. Qg8+ Ke7 43. Qg5+ Ke8 44. Rxf5 Qa1+ 45. Rf1 Qxf1+ 46. Kxf1 Rc1+ 47. Kg2 Rc2+ 48. Kh3 Rf2 49. Qg8+ Ke7 50. Qh7+ Nf7 51. Qh4+ Rf6 52. Ng6+ Ke6 53. Nf8+ Ke7 54. Nh7 1-0

[Event "Oberliga Ost-B 1011"]
[Site "Germany"]
[Date "2011.01.16"]
[Round "5.7"]
[White "Schmuck, Helmut"]
[Black "Kuban, Guenter"]
[Result "1-0"]
[WhiteElo "2067"]
[BlackElo "2205"]
[PlyCount "105"]
[EventDate "2010.10.24"]
[EventType "team-tourn"]
[EventRounds "11"]
[EventCountry "GER"]
[SourceTitle "EXT 2012"]
[Source "ChessBase"]
[SourceDate "2011.11.24"]
[SourceVersion "1"]
[SourceVersionDate "2011.11.24"]
[SourceQuality "1"]
[WhiteTeam "Erfurt Medizin"]
[BlackTeam "Oberursel"]
[WhiteTeamCountry "GER"]
[BlackTeamCountry "GER"]

1. d4 d5 2. Nf3 Nf6 3. c4 e6 4. Nc3 c6 5. Bg5 h6 6. Bh4 Bb4 7. e3 Qa5 8. Bxf6 Bxc3+ 9. bxc3 Qxc3+ 10. Nd2 gxf6 11. cxd5 exd5 12. Rc1 Qa3 13. Be2 Rg8 14. 0-0 h5 15. e4 Be6 16. exd5 cxd5 17. Bb5+ Kd8 18. Kh1 a6 19. Ba4 Rg4 20. Qc2 Qd6 21. Nf3 b5 22. Bb3 a5 23. Qh7 Ra7 24. Qh8+ Ke7 25. Rfe1 Nd7 26. Rc8 Qf4 27. Bxd5 Kd6 28. Bxe6 fxe6 29. Qxh5 Rg7 30. Qxb5 Ke7 31. Rc6 Qg4 32. Rexe6+ Kf7 33. Ne1 Rg5 34. Qc4 Kg6 35. Re7 Kh6 36. h3 Qf5 37. Qf7 Rb7 38. Rxd7 Rxd7 39. Rxf6+ Rg6 40. Rxg6+ Qxg6 41. Qxd7 Qb1 42. Qe6+ Kg7 43. Qe5+ Kf7 44. Qc7+ Ke8 45. Qxa5 Qb2 46. Qe5+ Kd7 47. a4 Qxf2 48. a5 Kc6 49. d5+ Kb7 50. Nf3 Kc8 51. a6 Qc5 52. Qe8+ Kc7 53. Qc6+ 1-0

[Event "Oberliga Ost-B 0910"]
[Site "Germany"]
[Date "2010.02.28"]
[Round "8.8"]
[White "Jakob, Matthias"]
[Black "Kuban, Guenter"]
[Result "1-0"]
[WhiteElo "2102"]
[BlackElo "2208"]
[PlyCount "97"]
[EventDate "2009.10.18"]
[EventType "team-tourn"]
[EventRounds "11"]
[EventCountry "GER"]
[SourceTitle "EXT 2011"]
[Source "ChessBase"]
[SourceDate "2010.11.26"]
[SourceVersion "1"]
[SourceVersionDate "2010.11.26"]
[SourceQuality "1"]
[WhiteTeam "Erfurt Medizin"]
[BlackTeam "Oberursel"]
[WhiteTeamCountry "GER"]
[BlackTeamCountry "GER"]

1. d4 Nf6 2. Nf3 g6 3. Nc3 Bg7 4. e4 d6 5. Be3 Ng4 6. Bg5 h6 7. Bh4 0-0 8. Qd2 Nc6 9. h3 Nf6 10. 0-0-0 Nh7 11. g4 a6 12. Kb1 b5 13. Ne2 Bd7 14. Ne1 a5 15. d5 Na7 16. f4 b4 17. Nd4 c5 18. dxc6 Nxc6 19. Ndf3 Ra7 20. Bf2 Rb7 21. Ba6 Rb6 22. Bxb6 Qxb6 23. Bc4 a4 24. e5 dxe5 25. fxe5 Rd8 26. Qe2 Nf8 27. Ng2 Na5 28. Nf4 Bc6 29. Rxd8 Qxd8 30. Rd1 Qe8 31. Bd5 b3 32. axb3 axb3 33. cxb3 g5 34. Nh5 Bxd5 35. Rxd5 Nc6 36. Nxg7 Kxg7 37. Qb5 Qa8 38. Rd3 Ne6 39. h4 Na7 40. Qd5 Qb8 41. hxg5 hxg5 42. Nd4 Nxd4 43. Rxd4 Qb6 44. Rd1 Nc6 45. Rh1 f6 46. exf6+ exf6 47. Qd7+ Kg8 48. Qe6+ Kg7 49. Rc1 1-0

[Event "Oberliga Ost-B 0708"]
[Site "Germany"]
[Date "2007.12.09"]
[Round "5.7"]
[White "Kuban, Guenter"]
[Black "Weiss, Matthias"]
[Result "1-0"]
[WhiteElo "2244"]
[BlackElo "2046"]
[PlyCount "129"]
[EventDate "2007.10.07"]
[EventType "team-tourn"]
[EventRounds "11"]
[EventCountry "GER"]
[SourceTitle "EXT 2009"]
[Source "ChessBase"]
[SourceDate "2008.11.26"]
[SourceVersion "1"]
[SourceVersionDate "2008.11.26"]
[SourceQuality "1"]
[WhiteTeam "Oberursel"]
[BlackTeam "Schoeneck II"]
[WhiteTeamCountry "GER"]
[BlackTeamCountry "GER"]

1. g3 e5 2. e4 Nf6 3. Nc3 Bc5 4. Bg2 0-0 5. Na4 Be7 6. Ne2 d6 7. 0-0 Nc6 8. b3 Bg4 9. f3 Bh5 10. c4 Nd7 11. Nac3 Nc5 12. Nd5 Ne6 13. Bb2 f5 14. exf5 Ned4 15. Bxd4 Nxd4 16. Nxd4 exd4 17. g4 Bf7 18. f4 c6 19. Nxe7+ Qxe7 20. Qe1 Rae8 21. Qxe7 Rxe7 22. Rae1 Rfe8 23. Kf2 Kf8 24. Rxe7 Rxe7 25. Re1 Be8 26. Rxe7 Kxe7 27. Be4 h6 28. g5 Bh5 29. Bf3 Be8 30. Ke2 b6 31. Kd3 c5 32. Bd5 Bh5 33. Ke4 Bd1 34. f6+ gxf6 35. gxh6 Bc2+ 36. d3 f5+ 37. Kxf5 Bxd3+ 38. Kg5 Bh7 39. f5 d3 40. Bf3 d2 41. Bd1 Kf7 42. Bg4 Ke7 43. Bh5 Bg8 44. Be2 Bh7 45. Kf4 Kf6 46. Ke3 Bxf5 47. Kxd2 Be4 48. Bd3 Bg2 49. Ke3 d5 50. Kf4 dxc4 51. bxc4 a6 52. h7 Kg7 53. Ke5 Bc6 54. Kd6 Be8 55. Kc7 b5 56. Kb6 Bf7 57. Kxc5 bxc4 58. Bxc4 Bg6 59. Kb6 Bxh7 60. Bxa6 Bc2 61. Bc4 Kf6 62. Bb3 Bd3 63. a4 Ke5 64. a5 Kf4 65. Ba4 1-0

[Event "Hessenliga 0708"]
[Site "Germany"]
[Date "2007.09.30"]
[Round "1.3"]
[White "Prange, Dieter"]
[Black "Kuban, Guenter"]
[Result "1-0"]
[WhiteElo "2129"]
[BlackElo "2244"]
[PlyCount "79"]
[EventDate "2007.09.30"]
[EventType "team"]
[EventRounds "9"]
[EventCountry "GER"]
[SourceTitle "EXT 2009"]
[Source "ChessBase"]
[SourceDate "2008.11.26"]
[SourceVersion "1"]
[SourceVersionDate "2008.11.26"]
[SourceQuality "1"]
[WhiteTeam "Marburg"]
[BlackTeam "Oberursel II"]
[WhiteTeamCountry "GER"]
[BlackTeamCountry "GER"]

1. e4 d6 2. d4 Nf6 3. Nc3 g6 4. Bg5 h6 5. Bh4 c6 6. Qd2 Bg7 7. f4 Qa5 8. Nf3 Bg4 9. Be2 Nbd7 10. 0-0 Qh5 11. e5 Nh7 12. Bxe7 Kxe7 13. Ne4 Bxf3 14. Bxf3 Qh4 15. Nxd6 a5 16. Nxb7 Rhc8 17. Nxa5 Rxa5 18. g3 Qh3 19. Qxa5 g5 20. Bg2 Qf5 21. Qa6 Nb8 22. Qb7+ Qd7 23. Qb4+ Ke8 24. Be4 Nf8 25. f5 h5 26. Rad1 Qa7 27. Kg2 Nfd7 28. f6 Bf8 29. Qb3 Nb6 30. e6 Nd5 31. Bxd5 cxd5 32. Qb5+ Rc6 33. Rfe1 Bd6 34. c3 fxe6 35. Rxe6+ Kd7 36. Qxd5 Qb6 37. Rd2 h4 38. f7 Rc8 39. Rde2 Rf8 40. Re7+ 1-0

[Event "Hessenliga 0607"]
[Site "Germany"]
[Date "2006.10.29"]
[Round "3.7"]
[White "Kuban, Guenter"]
[Black "Dunsbach, Ralf"]
[Result "0-1"]
[WhiteElo "2228"]
[BlackElo "2247"]
[PlyCount "118"]
[EventDate "2006.09.17"]
[EventType "team"]
[EventRounds "9"]
[EventCountry "GER"]
[SourceTitle "EXT 2008"]
[Source "ChessBase"]
[SourceDate "2007.11.25"]
[SourceVersion "1"]
[SourceVersionDate "2007.11.25"]
[SourceQuality "1"]
[WhiteTeam "Oberursel II"]
[BlackTeam "Schoeneck II"]
[WhiteTeamCountry "GER"]
[BlackTeamCountry "GER"]

1. e4 c5 2. Nf3 Nc6 3. c3 d5 4. exd5 Qxd5 5. Be2 Nf6 6. 0-0 Bf5 7. Na3 e6 8. Nc4 Bd3 9. Bxd3 Qxd3 10. Nfe5 Nxe5 11. Nxe5 Qa6 12. d4 Rd8 13. Be3 cxd4 14. cxd4 Be7 15. Qb3 0-0 16. Rfc1 Rc8 17. Bg5 Rfd8 18. Rc3 h6 19. Bh4 Nd5 20. Rxc8 Rxc8 21. Bxe7 Nxe7 22. Qf3 f6 23. Nd3 Qc6 24. Qd1 Qd6 25. Nc5 b6 26. Ne4 Qb4 27. Qe2 Qxd4 28. Rd1 Qe5 29. f4 Qxf4 30. Nd6 Rc1 31. Qxe6+ Kh7 32. Qe1 Rc2 33. Kh1 Ng6 34. Ne8 Qg4 35. Qf1 Nf4 36. h3 Qe2 37. Qxe2 Rxe2 38. Rd8 Nxg2 39. Nc7 Nh4 40. Rd3 Rxb2 41. a3 Rf2 42. Kg1 Rf3 43. Rd7 Rxa3 44. Ne8 Nf5 45. Nxf6+ Kg6 46. Nd5 Kg5 47. Nc7 Rxh3 48. Kf2 Ra3 49. Nb5 Ra5 50. Nxa7 Kf4 51. Nc6 Ra2+ 52. Ke1 Ke3 53. Kd1 g5 54. Nb4 Ra1+ 55. Kc2 g4 56. Kb2 Rf1 57. Nc2+ Ke4 58. Rd2 g3 59. Re2+ Kf4 0-1

[Event "Hessenliga 0607"]
[Site "Germany"]
[Date "2006.10.08"]
[Round "2.7"]
[White "Syed, Tareq"]
[Black "Kuban, Guenter"]
[Result "1-0"]
[WhiteElo "2118"]
[BlackElo "2228"]
[PlyCount "195"]
[EventDate "2006.09.17"]
[EventType "team"]
[EventRounds "9"]
[EventCountry "GER"]
[SourceTitle "EXT 2008"]
[Source "ChessBase"]
[SourceDate "2007.11.25"]
[SourceVersion "1"]
[SourceVersionDate "2007.11.25"]
[SourceQuality "1"]
[WhiteTeam "Frankfurt BvK II"]
[BlackTeam "Oberursel II"]
[WhiteTeamCountry "GER"]
[BlackTeamCountry "GER"]

1. e4 e6 2. d3 d5 3. Nd2 c5 4. Ngf3 Nc6 5. Be2 Nf6 6. c3 Bd6 7. Qc2 Bd7 8. a3 Rc8 9. b3 0-0 10. Bb2 a6 11. 0-0 Bb8 12. g3 d4 13. cxd4 cxd4 14. Qb1 e5 15. b4 Bh3 16. Rc1 h6 17. Bd1 Nh7 18. Bb3 Ng5 19. Qa2 Bg4 20. Bd1 Be6 21. Bb3 Nxf3+ 22. Nxf3 Qf6 23. Ne1 Nd8 24. a4 Bd6 25. b5 axb5 26. axb5 Bxb3 27. Qxb3 Ne6 28. Rxc8 Rxc8 29. Rc1 Bc5 30. Rc4 b6 31. Bc1 Ra8 32. Ra4 Rxa4 33. Qxa4 Kh7 34. Kg2 Qe7 35. Nc2 Qd7 36. Na3 Bxa3 37. Bxa3 Ng5 38. Qd1 Qh3+ 39. Kg1 f6 40. Bc1 Ne6 41. Ba3 Nc7 42. Qa4 Qe6 43. Qc4 Qd7 44. Qc6 Qxc6 45. bxc6 Kg8 46. Bd6 Nb5 47. Bb8 Kf7 48. f4 Ke6 49. fxe5 fxe5 50. Kf2 Nd6 51. Ke2 Nc8 52. Kd2 Ne7 53. Ba7 b5 54. c7 g6 55. Bc5 Nc8 56. Bf8 h5 57. Bg7 Kd6 58. Bf6 Ke6 59. Bg7 Kd6 60. Kc2 Na7 61. Kb3 Nc8 62. Kb4 Na7 63. h4 Nc6+ 64. Kxb5 Kxc7 65. Kc5 Kd7 66. Kd5 Nb4+ 67. Kxe5 Nxd3+ 68. Kxd4 Nc1 69. Ke3 Ke6 70. Bb2 Nb3 71. Kf4 Nc5 72. Bd4 Nb3 73. Be3 Na5 74. Kg5 Nc4 75. Bf4 Kf7 76. e5 Nb6 77. e6+ Kxe6 78. Kxg6 Nd5 79. Bg5 Nc3 80. Kxh5 Ne4 81. Kg4 Nf2+ 82. Kf3 Nd3 83. g4 Ne5+ 84. Kg3 Nf7 85. Bc1 Ne5 86. Bb2 Nc4 87. Ba1 Kf7 88. Kf4 Kg6 89. g5 Kh5 90. Kf5 Nd6+ 91. Ke5 Kxh4 92. g6 Ne8 93. Ke6 Kh5 94. Kf7 Kh6 95. Be5 Kg5 96. Bf4+ Kf5 97. Bh6 Nd6+ 98. Kg7 1-0

[Event "BL2-Ost 0405"]
[Site "Germany"]
[Date "2004.10.24"]
[Round "1.8"]
[White "Kuban, Guenter"]
[Black "Sobeck, Guenter"]
[Result "1-0"]
[WhiteElo "2293"]
[BlackElo "2172"]
[PlyCount "37"]
[EventDate "2004.10.24"]
[EventType "team-tourn"]
[EventRounds "9"]
[EventCountry "GER"]
[SourceTitle "EXT 2007"]
[Source "ChessBase"]
[SourceDate "2006.11.23"]
[SourceVersion "1"]
[SourceVersionDate "2006.11.23"]
[SourceQuality "1"]
[WhiteTeam "Oberursel"]
[BlackTeam "Chemnitz"]
[WhiteTeamCountry "GER"]
[BlackTeamCountry "GER"]

1. d4 Nf6 2. Nf3 e6 3. g3 b5 4. Bg2 Bb7 5. 0-0 c5 6. a4 a6 7. axb5 axb5 8. Rxa8 Bxa8 9. Na3 Qb6 10. c4 b4 11. Nb5 cxd4 12. Bf4 d6 13. Qa4 Bc6 14. Nfxd4 Bd7 15. Qa8 e5 16. c5 dxc5 17. Bxe5 Bxb5 18. Bxb8 Kd7 19. Bh3+ 1-0

[Event "Oberliga Ost-B 0203"]
[Site "Germany"]
[Date "2003.03.30"]
[Round "11.5"]
[White "Kuban, Guenter"]
[Black "Dunsbach, Ralf"]
[Result "1-0"]
[WhiteElo "2294"]
[BlackElo "2277"]
[PlyCount "55"]
[EventDate "2002.10.20"]
[EventType "team"]
[EventRounds "11"]
[EventCountry "GER"]
[SourceTitle "EXT 2004"]
[Source "ChessBase"]
[SourceDate "2003.11.25"]
[SourceVersion "1"]
[SourceVersionDate "2003.11.25"]
[SourceQuality "1"]
[WhiteTeam "Oberursel"]
[BlackTeam "Schoeneck"]
[WhiteTeamCountry "GER"]
[BlackTeamCountry "GER"]

1. g3 Nf6 2. Bg2 g6 3. c4 Bg7 4. Nc3 c5 5. f4 Nc6 6. e3 d6 7. Nge2 0-0 8. 0-0 Rb8 9. h3 a6 10. d3 Bd7 11. a4 Ne8 12. g4 Nc7 13. Bd2 b5 14. axb5 axb5 15. Nxb5 Nxb5 16. cxb5 Rxb5 17. Bc3 Rb8 18. Qd2 Qb6 19. Rf2 Ra8 20. Re1 Ra6 21. Bxg7 Kxg7 22. Qc3+ Kg8 23. f5 Qb4 24. f6 Qxc3 25. bxc3 Ne5 26. fxe7 Re8 27. Nf4 Be6 28. d4 1-0

[Event "Oberliga Ost-B 0203"]
[Site "Germany"]
[Date "2002.11.17"]
[Round "3.6"]
[White "Kuban, Guenter"]
[Black "Schreiber, Kurt"]
[Result "1-0"]
[WhiteElo "2294"]
[BlackElo "2148"]
[PlyCount "75"]
[EventDate "2002.10.20"]
[EventType "team"]
[EventRounds "11"]
[EventCountry "GER"]
[SourceTitle "EXT 2004"]
[Source "ChessBase"]
[SourceDate "2003.11.25"]
[SourceVersion "1"]
[SourceVersionDate "2003.11.25"]
[SourceQuality "1"]
[WhiteTeam "Oberursel"]
[BlackTeam "Wiesbaden"]
[WhiteTeamCountry "GER"]
[BlackTeamCountry "GER"]

1. c4 e5 2. Nc3 Nc6 3. e3 d6 4. d4 f5 5. d5 Nb8 6. f4 Nd7 7. Nf3 e4 8. Nd4 Ndf6 9. Be2 g6 10. Qd2 Kf7 11. b4 h5 12. Bb2 Be7 13. 0-0-0 Nh6 14. h3 Bd7 15. Ne6 Qc8 16. g4 hxg4 17. hxg4 fxg4 18. Ng5+ Kg8 19. Ncxe4 Qf8 20. Qc3 Kg7 21. Rdg1 Re8 22. Ne6+ Bxe6 23. dxe6 Bd8 24. Ng5 Qe7 25. a3 Ref8 26. Kb1 c6 27. Ka2 Bb6 28. Rg3 Nf5 29. Rxh8 Rxh8 30. Ne4 Nxg3 31. Nxf6 Qxe6 32. Nh5+ Kf7 33. Qg7+ Ke8 34. Qxh8+ Kd7 35. Nxg3 Qxe3 36. Bxg4+ Ke7 37. Bf6+ Kf7 38. Qg7+ 1-0